000 00527nam a2200169 i 4500
001 76227
003 ES-MaACL
005 20230906172748.0
007 t|
008 040929s1966 sp ||||1| spa d
100 1 _aDahms, Hellmuth Günther.
_942449
245 1 3 _aLa guerra española de 1936 /
_cHellmuth Günther Dahms ; [versión Alvaro Soriano Trenor].
260 _aMadrid :
_bRialp,
_c[1966]
300 _a444 p., 15 lám, ;
_c20 cm.
700 1 _aSoriano Trenor, Alvaro.
_9107402
852 _aES-MaACL
_jC-31637
_bR.60437
999 _c76227
_d76227